|
|
|
|
| LEADER |
01570nam a2200385Ia 4500 |
| 001 |
EBC3385461 |
| 003 |
MiAaPQ |
| 005 |
20200520144314.0 |
| 006 |
m o d | |
| 007 |
cr cn||||||||| |
| 008 |
060717s2006 dcua sbv 001 0 eng d |
| 010 |
|
|
|z 2006022687
|
| 020 |
|
|
|z 0881323632 (alk. paper)
|
| 020 |
|
|
|z 9780881323634 (alk. paper)
|
| 035 |
|
|
|a (MiAaPQ)EBC3385461
|
| 035 |
|
|
|a (Au-PeEL)EBL3385461
|
| 035 |
|
|
|a (CaPaEBR)ebr10199742
|
| 035 |
|
|
|a (OCoLC)247966289
|
| 040 |
|
|
|a MiAaPQ
|c MiAaPQ
|d MiAaPQ
|
| 050 |
|
4 |
|a HF1455
|b .D492 2006
|
| 100 |
1 |
|
|a Devereaux, Charan.
|
| 245 |
1 |
0 |
|a Case studies in US trade negotiation.
|n Volume 2,
|p Resolving disputes
|h [electronic resource] /
|c Charan Deveraux, Robert Z. Lawrence, Michael D. Watkins.
|
| 260 |
|
|
|a Washington, DC :
|b Institute for International Economics,
|c c2006.
|
| 300 |
|
|
|a xi, 377 p. :
|b ill.
|
| 504 |
|
|
|a Includes bibliographical references and index.
|
| 533 |
|
|
|a Electronic reproduction. Ann Arbor, MI : ProQuest, 2015. Available via World Wide Web. Access may be limited to ProQuest affiliated libraries.
|
| 630 |
0 |
0 |
|a Agreement on Trade-Related Aspects of Intellectual Property Rights
|d (1994)
|
| 650 |
|
0 |
|a International trade.
|
| 650 |
|
0 |
|a Foreign trade regulation
|v Cases.
|
| 651 |
|
0 |
|a United States
|x Commercial policy
|x History.
|
| 655 |
|
4 |
|a Electronic books.
|
| 700 |
1 |
|
|a Lawrence, Robert Z.,
|d 1949-
|
| 700 |
1 |
|
|a Watkins, Michael,
|d 1956-
|
| 710 |
2 |
|
|a ProQuest (Firm)
|
| 856 |
4 |
0 |
|u https://ebookcentral.proquest.com/lib/matrademy/detail.action?docID=3385461
|z Click to View
|